banner-ar

الحرف والصناعات فى مصر الاسلامية منذ الفتح العربى حتى نهاية العصر الفاطمى : (Record no. 53038)

MARC details
000 -الفاتح
حقل البيانات ثابتة الطول 01079nam a2200253Ia 4500
005 - وقت وتاريخ اخر تعامل مع التسجيلة
رقم الضبط 20240530105102.0
008 - عناصر البيانات ثابتة الطول - معلومات عامة
حقل البيانات ثابتة الطول 140319s1991 ua d 000 0 ara d
017 ## - رقم الايداع القانونى
رقم الايداع القانونى 1990/9443
020 ## - الرقم الدولى المعيارى للكتب
الرقم الدولى المعيارى للكتاب 977072646
040 ## - مصدر الفهرسة
وكالة الفهرسة الأصلية GCL /
وكالة النسخ GCL
082 04 - رقم تصنيف ديوى العشرى
رقم التصنيف 953.0738
رقم المادة ق/أ ح
100 0# - المدخل الرئيسى - إسم شخصى
الإسم الشخصى السيد طه السيد ابو سديرة
245 12 - بيان العنوان
العنوان الحرف والصناعات فى مصر الاسلامية منذ الفتح العربى حتى نهاية العصر الفاطمى :
بقية العنوان 20 - 567 هـ / 641 - 1171 م /
بيان المسئوليه,etc تاليف السيد طه السيد ابو سديرة
260 ## - PUBLICATION, DISTRIBUTION, ETC. (IMPRINT)
تاريخ النشر أو التوزيع 1991.
300 ## - الوصف المادى
التعداد 495 ص ؛
أبعاد الوعاء 24 سم
490 #0 - بيان السلسلة
عنوان السلسلة الالف كتاب الثانى ؛
رقم المجلد/ التعيين التسلسلي 95.
650 07 - المدخل الاضافى بالموضوع-مصطلح موضوعى
مصطلح موضوعي الدولة الاخشيدية
650 07 - المدخل الاضافى بالموضوع-مصطلح موضوعى
مصدر الرأس أو المصطلح qrmak
مصطلح موضوعي الصناعات اليدوية
التقسيم الفرعي الجغرافي مصر
650 07 - المدخل الاضافى بالموضوع-مصطلح موضوعى
مصدر الرأس أو المصطلح qrmak
مصطلح موضوعي العصر الطولونى
التقسيم الفرعي العام (868 - 905م)
651 07 - المدخل الاضافى بالموضوع - اسم جغرافى
مصدر الرأس أو المصطلح qrmak
الاسم الجغرافي مصر
التقسيم الفرعي العام تاريخ
651 07 - المدخل الاضافى بالموضوع - اسم جغرافى
مصدر الرأس أو المصطلح qrmak
الاسم الجغرافي مصر
التقسيم الفرعي العام الاحوال الاجتماعية
942 ## - عناصر المدخل الإضافي( كوها)
مصدر التصنيف او مخطط الترفيف Dewey Decimal Classification
Koha [default] item type كتاب
260 ## - PUBLICATION, DISTRIBUTION, ETC. (IMPRINT)
-- القاهرة :
-- الهيئة المصرية العامة للكتاب ،
Holdings
حالة التراجع حالة الفقد حالة تلف ليس للاعارة المكان المؤقت الموقع الحالى تاريخ الاكتساب اجمالي اﻻعارات رقم الطلب الباركود تاريخ اخر مشاهدة تاريخ تفعيل السعر نوع وعاء كوها
        مكتبة القاهرة الكبرى مكتبة القاهرة الكبرى 03/26/2014   953.0738/ق/أ ح 127285 03/26/2014 03/26/2014 كتاب
        مكتبة القاهرة الكبرى مكتبة القاهرة الكبرى 03/26/2014   953.0738/ق/أ ح 127286 03/26/2014 03/26/2014 كتاب
        مكتبة القاهرة الكبرى مكتبة القاهرة الكبرى 03/26/2014   953.0738/ق/أ ح 127287 03/26/2014 03/26/2014 كتاب
        مكتبة القاهرة الكبرى مكتبة القاهرة الكبرى 03/26/2014   953.0738/ق/أ ح 127288 03/26/2014 03/26/2014 كتاب
        مكتبة القاهرة الكبرى مكتبة القاهرة الكبرى 03/26/2014   953.0738/ق/أ ح 127289 03/26/2014 03/26/2014 كتاب
        مكتبة القاهرة الكبرى مكتبة القاهرة الكبرى 03/26/2014   953.0738/ق/أ ح 127290 03/26/2014 03/26/2014 كتاب
        مكتبة القاهرة الكبرى مكتبة القاهرة الكبرى 03/26/2014   953.0738/ق/أ ح 127291 03/26/2014 03/26/2014 كتاب

Powered By

EGPV